<?xml version="1.0" encoding="UTF-8"?><?xml-stylesheet type="text/xsl" href="static/style.xsl"?><OAI-PMH xmlns="http://www.openarchives.org/OAI/2.0/" xmlns:xsi="http://www.w3.org/2001/XMLSchema-instance" xsi:schemaLocation="http://www.openarchives.org/OAI/2.0/ http://www.openarchives.org/OAI/2.0/OAI-PMH.xsd"><responseDate>2026-04-14T07:33:07Z</responseDate><request verb="GetRecord" identifier="oai:www.recercat.cat:20.500.12694/7474" metadataPrefix="marc">https://recercat.cat/oai/request</request><GetRecord><record><header><identifier>oai:recercat.cat:20.500.12694/7474</identifier><datestamp>2026-01-04T14:01:47Z</datestamp><setSpec>com_2072_179042</setSpec><setSpec>col_2072_484474</setSpec></header><metadata><record xmlns="http://www.loc.gov/MARC21/slim" xmlns:dcterms="http://purl.org/dc/terms/" xmlns:xsi="http://www.w3.org/2001/XMLSchema-instance" xmlns:doc="http://www.lyncode.com/xoai" xsi:schemaLocation="http://www.loc.gov/MARC21/slim http://www.loc.gov/standards/marcxml/schema/MARC21slim.xsd">
   <leader>00925njm 22002777a 4500</leader>
   <datafield ind2=" " ind1=" " tag="042">
      <subfield code="a">dc</subfield>
   </datafield>
   <datafield ind2=" " ind1=" " tag="720">
      <subfield code="a">Palacios Guardia, Alberto</subfield>
      <subfield code="e">author</subfield>
   </datafield>
   <datafield ind2=" " ind1=" " tag="260">
      <subfield code="c">2022-09</subfield>
   </datafield>
   <datafield ind2=" " ind1=" " tag="520">
      <subfield code="a">Aquest treball d’investigació artística té com a eix principal la Missa pro Defunctis a 5 de Cristóbal de Morales. Està enfocat a la interpretació historicista i/o documentada d’aquesta obra tant a nivell pràctic com a nivell teòric. Mirant de dur a terme aquesta tasca de la manera més científica possible, es planteja una anàlisi teòrica i comparativa de les gravacions existents, en les quals es combinen diferents interpretacions de grans referents de la música antiga de les últimes tres dècades. D’aquesta manera s’obtenen uns resultats que, al mateix temps, es posen en pràctica a través d’una interpretació actual.</subfield>
   </datafield>
   <datafield ind2=" " ind1=" " tag="520">
      <subfield code="a">Este trabajo de investigación artística tiene como eje principal la Missa pro Defunctis a 5 de Cristóbal de Morales. Está enfocado en la interpretación historicista y/o documentada de esta pieza tanto a nivel práctico como a nivel teórico. Tratando de llevar a cabo esta tarea de la manera más científica posible, se plantea un análisis teórico y comparativo de las grabaciones existentes, en las cuales se combinan diferentes interpretaciones de grandes referentes de la música antigua de las últimas tres décadas. De este modo, se obtienen unos resultados que, a su vez, se ponen en práctica a través de una interpretación actual.</subfield>
   </datafield>
   <datafield ind2=" " ind1=" " tag="520">
      <subfield code="a">This artistic research paper has as its main axis the Missa Pro Defunctis a5 by Cristóbal de Morales. It focuses on the historicist and/or documented performance of this piece, both practically and theoretically. In order to achieve the most scientific manner possible, a theoretical and comparative analysis is undertaken between the existing recordings, which combine different performances of early music benchmark artists of the last three decades. Thus, some results are obtained and simultaneously put into practice through a current performance.</subfield>
   </datafield>
   <datafield ind1="8" ind2=" " tag="024">
      <subfield code="a">http://hdl.handle.net/20.500.12694/7474</subfield>
   </datafield>
   <datafield tag="653" ind2=" " ind1=" ">
      <subfield code="a">TFG Música antiga</subfield>
   </datafield>
   <datafield tag="653" ind2=" " ind1=" ">
      <subfield code="a">Morales, Cristóbal de, 1500-1553. Misses, llibre 2, veus (5). Missa pro defunctis</subfield>
   </datafield>
   <datafield tag="653" ind2=" " ind1=" ">
      <subfield code="a">Morales, Cristóbal de, 1500-1553--Crítica i interpretació</subfield>
   </datafield>
   <datafield tag="653" ind2=" " ind1=" ">
      <subfield code="a">Misses (Veus d'homes)--S. XVI----Anàlisi i apreciació</subfield>
   </datafield>
   <datafield tag="653" ind2=" " ind1=" ">
      <subfield code="a">Rèquiems--S. XVI----Anàlisi i apreciació</subfield>
   </datafield>
   <datafield tag="653" ind2=" " ind1=" ">
      <subfield code="a">Música vocal sacra--S. XVI----Anàlisi i apreciació</subfield>
   </datafield>
   <datafield tag="653" ind2=" " ind1=" ">
      <subfield code="a">Cants polifònics--S. XVI----Anàlisi i apreciació</subfield>
   </datafield>
   <datafield tag="653" ind2=" " ind1=" ">
      <subfield code="a">Música--Espanya--S. XVI</subfield>
   </datafield>
   <datafield ind2="0" ind1="0" tag="245">
      <subfield code="a">Missa pro Defunctis a5, de Morales : un estudio de interpretación</subfield>
   </datafield>
</record></metadata></record></GetRecord></OAI-PMH>